000 01243cam a2200301 4500
001 J126946
008 040727n2002 000 0 eng u
035 _a(Sirsi) u126946
041 _aeng.
050 _a711.4094212
_c18
110 _aBritish Council for Offices
_93992
245 _aTall office buildings in London
_bguidance on planning
260 _aLondon
_bBCO
_c2002
300 _a30p.
_c30cm.
350 _a43
520 _aThis paper has been prepared by Linklaters, with particular assistance from Arup, as part of the British Council for Office's series of reports on tall buildings in London. The process of obtaining planning permission for such developments will inevitably be a lengthy and labour intensive one. This paper attempts to highlight areas of best practice so that the time, trouble and expense incurred in obtaining planning permission can be kept to a minimum.
650 _aTALL BUILDINGS
650 _aLONDON
650 _aPLANNING PERMISSION
650 _aDEVELOPMENT
650 _aSKYSCRAPERS
650 _aLONDON PLANNING ADVISORY COMMITTEE
650 _aPROPOSALS
650 _aLOCATION FACTORS
690 _aPlanning and development
_96259
710 _aLinklaters
_94641
942 _n0
999 _c103689
_d103689